Les stations de tourisme en Bretagne - Statistiques

Statistiques générales
  • Ce quiz a été pris 130 fois
  • Le résultat moyen est 21 sur 45
Statistiques - réponses
Hint Réponse % Correct
56 C*RN*C 1934 Carnac
82%
29 R*SC*FF 2016 Roscoff
81%
22 E*QUY 2016 Erquy
80%
22 TR*G*ST*L 2017 Trégastel
80%
22 FR*H*L 1926 Fréhel
74%
29 B*N*D*T 2017 Bénodet
72%
29 D***RN*N*Z 2014 Douarnenez
72%
29 C*NC*RN*** 2014 Concarneau
69%
56 PL**M**R 2019 Ploemeur
66%
35 *AI**-*A*O 1921 Saint-Malo
64%
56 *RZ*N 1990 Arzon
59%
22 B*N*C 2013 Binic
58%
35 S**NT-BR**C-S*R-M*R 1931 Saint-Briac-sur-Mer
55%
29 L* F*R*T-F***SN*NT 2012 La Forêt-Fouesnant
54%
35 *I*A** 1919 Dinard
53%
22 PL*ST*N-L*S-GR*V*S Plestin-les-Grèves
53%
29 C*R*NT*C 2015 Carantec
52%
22 PL*N**F-V*L-*NDR* 1936 Pléneuf-Val-André
52%
22 TR*B**RD*N 2017 Trébeurden
51%
22 *I*A* 2013 Dinan
50%
29 **O*O* 2012 Crozon
48%
22 S**NT-C*ST-L*-G**LD* 2015 Saint-Cast-le-Guildo
48%
29 **E** 2015 Brest
45%
29 PL***SC*T 2018 Plouescat
45%
56 *A**E* 2019 Vannes
43%
56 *UI*E*O* 1924 Quiberon
40%
22 *AI**-*UAY-*O***IEU* 1930 Saint-Quay-Portrieux
39%
22 *E**O*-*UI*E* 1921 Perros-Guirec
36%
56 S**Z*N 2018 Sauzon
36%
29 **OUG**RN*** 2014 Plouguerneau
35%
29 **D**RN* 2019 Audierne
34%
29 *OUE**A** 2011 Fouesnant
33%
29 L*ND*D* 2017 Landéda
33%
29 CL*H*RS-C*RN**T Clohars-Carnoët
32%
56 B*NG*R 2018 Bangor
30%
22 **E*UIE* 2019 Tréguier
30%
22 *AI**O* 1982 Paimpol
28%
35 *A**A*E 2014 Cancale
24%
56 *A**O*-**A*E 2009 Larmor-Plage
24%
56 *O**-*OUI* 2018 Port-Louis
24%
56 *A **I*I*E-*U*-*E* 1983 La Trinité-sur-mer
22%
56 *E *A*AI* 2018 Le Palais
20%
35 *AI**-*U*AI*E 1922 Saint-Lunaire
19%
35 I**E**I* 2016 Iffendic
10%
29 *O**O*A* 2014 Locronan
9%
Aucun quiz correspondant
Distribution des résultats
% des personnes avec chaque résultat
Percentile par nombre de réponses
Votre historique - résultats
Vous n’avez pas pris ce quiz